Anthropology and the new genetics
Αποθηκεύτηκε σε:
| Κύριος συγγραφέας: | |
|---|---|
| Μορφή: | Βιβλίο |
| Γλώσσα: | English |
| Δημοσίευση: |
Cambridge :
Cambridge University Press,
2007
|
| Σειρά: | New departures in anthropology
|
| Θέματα: | |
| Ετικέτες: |
Προσθήκη ετικέτας
Δεν υπάρχουν, Καταχωρήστε ετικέτα πρώτοι!
|
MARC
| LEADER | 00000nam a2200000 i 4500 | ||
|---|---|---|---|
| 001 | 1/102061 | ||
| 008 | 090304s2007 eng d | ||
| 020 | |a 978-0-521-85572-3 (hbk.) | ||
| 035 | |l 10103510 | ||
| 040 | |a GR-MY-UA |b gre |e aacr | ||
| 041 | 0 | |a eng | |
| 082 | 0 | |a 304.5 |2 (22) | |
| 100 | 1 | |a Gisli, Palsson |d 1949- | |
| 245 | 1 | 0 | |a Anthropology and the new genetics / |c Gisli Palsson |
| 260 | |a Cambridge : |b Cambridge University Press, |c 2007 | ||
| 300 | |a xiii, 268 σ.; |b εικ., πίν.; |c 24 εκ. | ||
| 490 | 1 | |a New departures in anthropology | |
| 504 | |a Βιβλιογραφία: σ. 231-254 | ||
| 504 | |a Ευρετήριο: σ. 255-268 | ||
| 650 | 0 | 0 | |a Human genetics |x Social aspects. |
| 650 | 0 | 0 | |a Ethnology. |
| 650 | 0 | 0 | |a Anthropology, Cultural. |
| 650 | 0 | 0 | |a Genetics. |
| 650 | 0 | 0 | |a Cross-Cultural Comparison. |
| 650 | 0 | 0 | |a Databases, Genetic. |
| 830 | 0 | |a New departures in anthropology | |
| 852 | |a INST |b LESVOS |e 20090304 |h 304.5 GIS |p 005100043848 |q 005100043848 |t BK |y 0 | ||
| 901 | |a BIBL1-2009-1 | ||
| 909 | |a Λ |b 154216 | ||
| 922 | |a 1ΕΛΗ |b 200809 |c ΕΠΕΑΕΚ2/ΤΚΑ |d ΜΙΧΑΛΟΠΟΥΛΟΣ | ||
| 970 | |a ΓΙΑΛΑΜΑ |b ΜΑΡΙΑ |z 2009/03/04 | ||